000
00227nam a22001097a 4500
082
_a
671.2 RUS'F
100
_a
RUSINOFF, S. E
_9
38976
245
_a
FOUNDRY PRACTICE
260
_a
USA
_b
ATS
_c
1964
300
_a
261P
942
_c
BK
999
_c
566924
_d
566924